|
|
|
|
| LEADER |
00000nam0a2200000 4500 |
| 001 |
259436 |
| 005 |
20231101233403.0 |
| 035 |
|
|
|a (RuTPU)RU\TPU\book\282379
|
| 090 |
|
|
|a 259436
|
| 100 |
|
|
|a 20140508d1969 k y0rusy50 ca
|
| 101 |
1 |
|
|a rus
|c eng
|
| 102 |
|
|
|a RU
|
| 105 |
|
|
|a a z 001zy
|
| 200 |
1 |
|
|a Интерпретация спектров ядерного магнитного резонанса (эмпирический подход)
|e пер. с англ.
|f Р. Байбл
|
| 210 |
|
|
|a Москва
|c Атомиздат
|d 1969
|
| 215 |
|
|
|a 224 с.
|c ил.
|
| 320 |
|
|
|a Предм. указ.: с. 216-222.
|
| 320 |
|
|
|a Библиогр.: с. 146-149.
|
| 320 |
|
|
|a Словарь терминов: с. 150-157.
|
| 606 |
1 |
|
|a Магнитный резонанс
|x (физика твердого тела)
|2 stltpush
|3 (RuTPU)RU\TPU\subj\40855
|9 60685
|
| 610 |
1 |
|
|a применение
|
| 610 |
1 |
|
|a протонные спектры
|
| 610 |
1 |
|
|a интерпретация
|
| 610 |
1 |
|
|a спин-спиновые расщепления
|
| 610 |
1 |
|
|a протоны
|
| 610 |
1 |
|
|a ЯМР-спектры
|
| 675 |
|
|
|a 539.2:537
|v 3
|
| 700 |
|
1 |
|a Байбл
|b Р.
|
| 801 |
|
1 |
|a RU
|b 63413507
|c 20140508
|
| 801 |
|
2 |
|a RU
|b 63413507
|c 20190812
|g RCR
|
| 942 |
|
|
|c BK
|